000 00699nam a2200217Ia 4500
005 20250622124036.0
008 250617s9999||||xx |||||||||||||| ||ara||
017 _a2024/30308
_bمصر. دار الكتب
020 _a9789778064520
082 0 4 _a"229,3"
_bم ف
100 0 _aمى عصام
245 1 0 _aفاستجاب لهم ربهم /
_cمى عصام
250 _aط1
260 3 _aالقاهرة :
_b"دون للنشر والتوزيع،"
_c2025.
300 _a191ص ؛
_b
_c20سم.
650 _aالأدعية والأوردة
650 _aالدعاء (تصوف إسلامى)
650 _aالصلاة
_x الدعاء بعدها
942 _cBK
999 _c67661
_d67661